000
00296nam a2200121Ia 4500
008
190216s9999||||xx |||||||||||||| ||und||
100
_a
Nag D S
245
0
_a
Problems Of Under Developed Economy
260
_b
Lakshmi Narain Agarwal Pub
_c
1968
300
_a
406p
650
_a
Commerce
942
_c
BK
999
_c
4604
_d
4604